Тувинская письменность и вопросы исследования письменностей и письменных памятников России и Центрально-Азиатского региона (Запись № 4632054)

Подробности
000 -МАРКЕР
контрольное поле 02383nam1a2200337 i 4500
001 - ИДЕНТИФИКАТОР ЗАПИСИ
контрольное поле RU\NLR\bibl\2062243
005 - ИДЕНТИФИКАТОР ВЕРСИИ
контрольное поле 20260408104050.0
035 ## - ДРУГИЕ СИСТЕМНЫЕ НОМЕРА
Идентификатор записи (NLR Aleph) 002048927
100 ## - ДАННЫЕ ОБЩЕЙ ОБРАБОТКИ
Данные общей обработки 20131026g20109999k y0rusy50 ca
101 0# - ЯЗЫК РЕСУРСА
Язык текста, звукозаписи и т.д. русский
-- английский
-- турецкий
102 ## - СТРАНА ПУБЛИКАЦИИ ИЛИ ПРОИЗВОДСТВА
Страна публикации Российская Федерация
105 ## - ПОЛЕ КОДИРОВАННЫХ ДАННЫХ: ТЕКСТОВЫЕ МАТЕРИАЛЫ, МОНОГРАФИЧЕСКИЕ
Кодированные данные о монографическом текстовом документе ||||z |||||
200 1# - ЗАГЛАВИЕ И СВЕДЕНИЯ ОБ ОТВЕТСТВЕННОСТИ
Основное заглавие Тувинская письменность и вопросы исследования письменностей и письменных памятников России и Центрально-Азиатского региона
Сведения, относящиеся к заглавию материалы международной научной конференции, посвященной 80-летию тувинской письменности, (г. Кызыл, 1-4 июля 2010 г.)
Первые сведения об ответственности [отв. ред.: Бичелдей К.А., д.филол.н., акад. РАЕН и РАСН]
210 ## - ПУБЛИКАЦИЯ, РАСПРОСТРАНЕНИЕ И ДР.
Место издания, распространения и т.д. Абакан
-- Кызыл
Имя издателя, распространителя и т. д. Хакасское книжное изд-во
Дата издания, распространения и т.д. 2010
215 ## - ФИЗИЧЕСКАЯ ХАРАКТЕРИСТИКА
Размеры 29
300 ## - ОБЩИЕ ПРИМЕЧАНИЯ
Текст примечания В надзаг.: Правительство Респ. Тыва, Тувин. ин-т гуманитар. исслед. при Правительстве Респ. Тыва, М-во образования, науки и молодеж. политики Респ. Тыва, М-во культуры и туризма Респ. Тыва [и др.]
463 #0 - УРОВЕНЬ ФИЗИЧЕСКОЙ ЕДИНИЦЫ
Встроенное поле 0012018793
463 #0 - УРОВЕНЬ ФИЗИЧЕСКОЙ ЕДИНИЦЫ
Встроенное поле 0012018797
606 1# - НАИМЕНОВАНИЕ ТЕМЫ КАК ПРЕДМЕТ
Наименование темы Филология
Формальный подзаголовок Съезды, совещания и т.п.
Системный номер авторитетной/нормативной записи 921663
Идентификатор авторитетной/нормативной записи RU\NLR\AUTH\6619068
606 ## - НАИМЕНОВАНИЕ ТЕМЫ КАК ПРЕДМЕТ
Наименование темы Тувинская филология
Формальный подзаголовок Съезды, совещания и т.п.
Системный номер авторитетной/нормативной записи 1813785
Идентификатор авторитетной/нормативной записи RU\NLR\AUTH\661111436
686 1# - ИНДЕКСЫ ДРУГИХ КЛАССИФИКАЦИЙ
Индекс Ш.я431
686 1# - ИНДЕКСЫ ДРУГИХ КЛАССИФИКАЦИЙ
Индекс Ш063.44я431
702 #1 - ИМЯ ЛИЦА - ВТОРИЧНАЯ ОТВЕТСТВЕННОСТЬ
Код отношения Редактор
Материалы, к которым относится поле rus
Графика поля Кириллица
Начальный элемент ввода Бичелдей
Часть имени, кроме начального элемента ввода К. А.
Расширение инициалов личного имени Каадыр-оол Алексеевич
Даты 1950-
Идентификатор авторитетной/нормативной записи RU\NLR\auth\7713089
Системный номер авторитетной/нормативной записи 122792
711 12 - НАИМЕНОВАНИЕ ОРГАНИЗАЦИИ - АЛЬТЕРНАТИВНАЯ ОТВЕТСТВЕННОСТЬ
Код отношения Автор
Начальный элемент ввода "Тувинская письменность и вопросы исследования письменностей и письменных памятников России и центрально-азиатского региона", международная научная конференция
Дата проведения временной организации 2010
Место проведения временной организации Кызыл
Идентификатор авторитетной/нормативной записи RU\NLR\AUTH\8810243615
Системный номер авторитетной/нормативной записи 373039
801 #0 - ИСТОЧНИК ЗАПИСИ
Страна Российская Федерация
Организация NLR
Дата составления 20130812
Правила каталогизации RCR
801 #1 - ИСТОЧНИК ЗАПИСИ
Страна Российская Федерация
Организация NLR
Дата составления 20130812
852 ## - МЕСТОНАХОЖДЕНИЕ И ШИФР ХРАНЕНИЯ
Идентификатор организации NLR
Шифр хранения (Call Number) 2013-8/1080
942 ## - ДОПОЛНИТЕЛЬНЫЕ ЭЛЕМЕНТЫ ЗАПИСИ (АБИС)
Тип экземпляра АБИС Книга

Нет доступных экземпляров.